| 000 | 00637nam a2200181 i 4500 | ||
|---|---|---|---|
| 001 | 68590 | ||
| 003 | ES-MaACL | ||
| 005 | 20250822063130.0 | ||
| 007 | t| | ||
| 008 | 940202s1856 fr ||||1| fre d | ||
| 040 |
_aAR _bspa |
||
| 100 | 1 |
_aGaume, Jean-Joseph, _d1802-1879 _956013 |
|
| 245 | 1 | 3 |
_aLa Révolution _b: recherches historiques sur l'origine et la propagation du mal en Europe depuis la Renaissance jusqu'a nos jours / _cpar Mgr. Gaume. |
| 260 |
_aParis : _bGaume frères, libraires-éditeurs, _c1856 ( _fTyp. de Henri Plon) |
||
| 300 |
_a2 v. ; _c21 cm. |
||
| 852 |
_aES-MaACL _jD-4993-94 |
||
| 999 |
_c68590 _d68590 |
||